| 000 | 00429nam a22001697a 4500 | ||
|---|---|---|---|
| 003 | NUST - PNEC | ||
| 005 | 20170116181139.0 | ||
| 008 | 151007b xxu||||| |||| 00| 0 eng d | ||
| 040 | _cLIBRARY | ||
| 082 | _a629.1343 HAW | ||
| 100 |
_914536 _aHawthorne, W.R |
||
| 245 |
_aAerodynamics of turbines and compressors _cW.R Hawthorne |
||
| 250 | _a- | ||
| 260 | _cc.1964 | ||
| 650 |
_914535 _aAerodynamics _xME |
||
| 942 |
_2ddc _cBK |
||
| 999 |
_c70412 _d70412 |
||